| Tag |
First Indicator |
Second Indicator |
Subfields |
| LEADER |
00000cam a2200000 4500 |
| 001 |
in00000066162 |
| 005 |
20151008051251.0 |
| 008 |
711116s1957 nyu 00000 eng u |
| 010 |
|
|
|a 56012227
|
| 035 |
|
|
|a (OCoLC)00172232
|
| 035 |
|
|
|9 AAG6864AM
|
| 040 |
|
|
|c WSU
|d TXA
|d UtOrBLW
|
| 049 |
|
|
|a TXAM
|c 1 [276173]
|
| 050 |
|
0 |
|a HC60
|b .M52
|
| 092 |
|
|
|a 338.91
|b M654p
|
| 100 |
1 |
|
|a Millikan, Max F.
|
| 245 |
1 |
2 |
|a A proposal; key to an effective foreign policy /
|c by Max F. Millikan and W. W. Rostow, with the collaboration of P. N. Rosenstein-Rodan and others at the Center of International Studies, Massachusetts Institute of Technology.
|
| 250 |
|
|
|a [1st ed.].
|
| 264 |
|
1 |
|a New York :
|b Harper,
|c [1957]
|
| 264 |
|
4 |
|c [©1957]
|
| 300 |
|
|
|a 170 pages
|
| 336 |
|
|
|a text
|b txt
|2 rdacontent
|
| 337 |
|
|
|a unmediated
|b n
|2 rdamedia
|
| 338 |
|
|
|a volume
|b nc
|2 rdacarrier
|
| 650 |
|
0 |
|a Economic assistance, American.
|
| 650 |
|
0 |
|a Technical assistance, American.
|
| 700 |
1 |
|
|a Rostow, W. W.
|q (Walt Whitman),
|d 1916-2003.
|
| 999 |
|
|
|a MARS
|
| 999 |
f |
f |
|s 63808a15-6f5b-39f6-bce4-42d50d3d4d84
|i d2f7ba67-bbb6-3d4e-be69-504865930eaf
|t 0
|
| 952 |
f |
f |
|p ric
|a Texas A&M University
|b Rellis Campus
|c Joint Library Facility
|d Remote Storage
|t 0
|e HC60 .M52
|h Library of Congress classification
|i unmediated -- volume
|m A14800773121
|
| 998 |
f |
f |
|a HC60 .M52
|t 0
|l Remote Storage
|